Hugo TSR ou pas #2 - Statistiques

Statistiques générales
  • Ce quiz a été pris 44 fois
  • Le résultat moyen est 9 sur 15
Statistiques - réponses
Question Réponse % Correct
La rue c'est pas un yop tu l'auras pas meme si t'as cracher dedans Hugo TSR
82%
Le sommeil devient chere pour s'endormir faut attendre les soldes Hugo TSR
82%
Parcours bouchés comme le toncar d'un pilon gras Hugo TSR
82%
Le prisme de la vie se deforme et enlaidit le decor Pas Hugo TSR
68%
Comment connaitre l'avenir si j'oublie le présent Pas Hugo TSR
65%
On peut passer de la merde au luxe comme dans pimp my ride Hugo TSR
62%
j'ai pas attendu d'etre majeur pour lever les 2 que j'ai Hugo TSR
62%
Dire tout va bien c'est comme dire qu'il fait chaud l'hiver Hugo TSR
59%
Le smic fait le prix d'un string à Rachida Dati Pas Hugo TSR
56%
La tete en vrac comme si mes neuronnes faisaient un tournoi Hugo TSR
44%
C'est comme une mini jupe: ça montre beaucoup de chose mais ça cache l'essentiel Hugo TSR
41%
J'suis plus venere qu'un espagnol qui a pas fait la sieste Hugo TSR
38%
Comme DSK dans une suite mes rimes font scandale Pas Hugo TSR
38%
La seule issue c'est patissier mais j'aime pas le clafoutis Hugo TSR
35%
Mes reves crament comme un scoot volé Pas Hugo TSR
35%
Aucun quiz correspondant
Distribution des résultats
% des personnes avec chaque résultat
Percentile par nombre de réponses
Votre historique - résultats
Vous n’avez pas pris ce quiz